| 000 | 01563cam a2200445 a 4500 | ||
|---|---|---|---|
| 001 | 8441 | ||
| 003 | FISKH | ||
| 005 | 20250912094121.0 | ||
| 008 | 090911s2010 mnua c b 000 1 eng | ||
| 010 | _a 2009032460 | ||
| 020 | _a9781602707269 | ||
| 020 | _a9780545344807 | ||
| 035 | _a15903773 | ||
| 040 |
_aDLC _cDLC _dDLC _beng |
||
| 050 | 0 | 0 | _aPZ7 |
| 082 | _a416 | ||
| 100 | 1 | _aHart, Caryn | |
| 245 | 1 | 0 |
_aSir Arthur Conan Doyle's The adventure of the Red-headed League / _cCaryn Hart |
| 250 | _aThis edition published in 2011 | ||
| 260 |
_aNew York : _bScholastic, _c2009 |
||
| 300 |
_a32 pages : _bcolor illustrations ; _c21 cm |
||
| 336 |
_atext _btxt _2rdacontent |
||
| 337 |
_aunmediated _bn _2rdamedia |
||
| 338 |
_avolume _bnc _2rdacarrier |
||
| 490 | 0 | _aGraphic planet. The graphic novel adventures of Sherlock Holmes | |
| 504 | _aIncludes bibliographical references (p. 45-47). | ||
| 505 | _aN | ||
| 520 | _aRetold in graphic novel form, Sherlock Holmes investigates a bizarre case involving a red-haired pawnbroker and his employer who has disappeared. | ||
| 521 | 8 |
_a530
_bLexile estimate |
|
| 521 | 8 |
_aN
_bRaz-Plus |
|
| 600 | 1 | 1 |
_aDoyle, Arthur Conan, _d1859-1930. _tRed-headed League _vAdaptations. |
| 650 | 1 | _aGraphic novels. | |
| 650 | 1 | _aMystery and detective stories. | |
| 655 | 0 | _aGraphic novels. | |
| 700 | 1 |
_aDunn, Ben, _eillustrator |
|
| 700 | 1 |
_aDoyle, Arthur Conan, _d1859-1930. _tRed-headed League. |
|
| 906 |
_a7 _bcbc _corignew _d1 _eecip _f20 _gy-gencatlg |
||
| 942 |
_2ddc _cBK _n0 |
||
| 999 |
_c8441 _d8441 |
||